| 000 | 00571cam a2200193 4500 | ||
|---|---|---|---|
| 001 | D16395 | ||
| 008 | 090401t1981 xxu||||| |||| 00| 0 eng d | ||
| 035 | _a(Sirsi) u29098 | ||
| 041 | _aeng | ||
| 050 | _a745.1 | ||
| 110 |
_aRoyal Institution of Chartered Surveyors _94900 |
||
| 245 | _aWork of art seminar: insurance and taxation [Held at RICS] 12th February 1981 | ||
| 260 |
_aLondon _bSurveyors Technical Services _c1981 |
||
| 350 | _a0 | ||
| 520 | _aFiled in box RICS 1981/4 ABC | ||
| 710 |
_aGeneral Practice Division _9752 |
||
| 942 | _n0 | ||
| 948 | _c04/03/1997 | ||
| 999 |
_c89388 _d89388 |
||